000 00719nam a22002297a 4500
003 UA-OsUOA
001 60122
007 ta
008 20090506b un ||||| |||| 00| 0 ukr d
090 _a340(477)
942 _cBK
040 _aUA-OsUOA
_beng
_cUA-OsUOA
_dUA-OsUOA
245 _aHuman rights in Ukrain
_bHuman Rights Organizations report
_cEdit by Zakharov Y.,Rapp I., Yavorsky V,
300 _a328 с.
955 _a2
041 _aeng
080 _a340(477)
020 _a966-8919-08-4
260 _aХарків
_bПрава Людини
_c2006
650 7 _a340 Право в цілому. Пропедевтика. Методи та допоміжні правничі науки
_2UDC
999 _c346309
_d346309